CONTROL SENSORS AND ACTUATORS (Record no. 574092)

000 -LEADER
fixed length control field 00347nam a22001337a 4500
020 ## - INTERNATIONAL STANDARD BOOK NUMBER
International Standard Book Number 0-13-171745-6
082 ## - DEWEY DECIMAL CLASSIFICATION NUMBER
Classification number 629.8 DES'C
100 ## - MAIN ENTRY--PERSONAL NAME
Personal name DE SILVA, CLARENCE.W
9 (RLIN) 35773
245 ## - TITLE STATEMENT
Title CONTROL SENSORS AND ACTUATORS
260 ## - PUBLICATION, DISTRIBUTION, ETC.
Place of publication, distribution, etc. NEW JERSEY
Name of publisher, distributor, etc. PRENTICE HALL
Date of publication, distribution, etc. 1989
300 ## - PHYSICAL DESCRIPTION
Extent IX,436P
650 ## - SUBJECT ADDED ENTRY--TOPICAL TERM
Topical term or geographic name entry element AUTOMATIC CONTROL DETECTORS
9 (RLIN) 66051
942 ## - ADDED ENTRY ELEMENTS (KOHA)
Koha item type Book
Holdings
Withdrawn status Lost status Damaged status Not for loan Permanent Location Current Location Shelving location Date acquired Total Checkouts Full call number Barcode Date last seen Price effective from Koha item type
        College of Electrical & Mechanical Engineering (CEME) College of Electrical & Mechanical Engineering (CEME) General Stacks 07/28/2017   629.8 DES'C CEME-26764 06/28/2021 06/28/2021 Book
© 2023 Central Library, National University of Sciences and Technology. All Rights Reserved.